The rainbird pattern

Novela que narra dos tramas que lentamente se van hilando hasta formar una sola historia, donde los personajes deben ir descubriendo la vinculación que hay en ambas historias a través de las investigaciones de la médium Blanche Tyler y George Lumley. La primera, donde un criminal llamado Trader ha s...

Fuld beskrivelse

Guardado en:
Bibliografiske detaljer
Hovedforfatter: Canning, Victor
Format: Bog
Sprog:Undetermined
Udgivet: Londres, Inglaterra Pan Books 1974
Fag:
Tags: Tilføj Tag
Ingen Tags, Vær først til at tagge denne postø!

MARC

LEADER 00000nam a2200000Ia 4500
008 170316s9999 xx 000 0 und d
040 |a cru BVZT 
090 |a 820 C-2r 
100 |a Canning, Victor 
245 4 |a The rainbird pattern 
260 |a Londres, Inglaterra 
260 |b Pan Books 
260 |c 1974 
300 |a 237 páginas 
520 |a Novela que narra dos tramas que lentamente se van hilando hasta formar una sola historia, donde los personajes deben ir descubriendo la vinculación que hay en ambas historias a través de las investigaciones de la médium Blanche Tyler y George Lumley. La primera, donde un criminal llamado Trader ha secuestrado a dos diputados y como la policía trata de descubrir su identidad. La segunda donde la anciana y rica señorita Grace Rainbird, llamada a una médium para localizar al hijo ilegítimo de su hermana muerta y verificar si es un buen heredero. 
650 |a LITERATURA INGLESA  |9 12 
999 |c 6790  |d 6790 
942 |c 15 D  |h 820 C-2r  |2 z